000 00787nam a2200241 i 4500
003 DO-SdBNP
005 20240111092707.0
007 ta
008 231023e1994 dr ag || |||| 00| 0 spa d
040 _aDO-SdBNP
_bspa
_cBNPHU
_erda
082 4 _222
_bS129m
100 _aSagredo, Mercedes,
_eautora
_984768
245 1 0 _aMi vida y mi quisqueya /
_cMercedes Sagredo ; prólogo, Lidia Alfonso de Fonteboa
264 1 _aSanto Domingo :
_bTaller,
_c1994.
300 _a303 páginas :
_bIlustraciones, música y retratos ;
_c28 cm.
336 _2rdacontent
_atexto
_btxt
337 _2rdamedia
_asin mediación
_bn
338 _2rdacarrier
_avolumen
_bnc
590 _aInventariado 2024/ BT
700 1 _aAlfonso Fonteboa, Lidia de,
_911769
_eprólogo
910 _aBtavárez
942 _2ddc
_cLBS1
999 _c55238
_d55238